| 000 -LEADER |
| fixed length control field |
00384nam a22001097a 4500 |
| 005 - DATE AND TIME OF LATEST TRANSACTION |
| control field |
20241129102504.0 |
| 008 - FIXED-LENGTH DATA ELEMENTS--GENERAL INFORMATION |
| fixed length control field |
241129b xxu||||| |||| 00| 0 geo d |
| 080 ## - UNIVERSAL DECIMAL CLASSIFICATION NUMBER |
| Universal Decimal Classification number |
008 |
| 245 ## - TITLE STATEMENT |
| Title |
მზია |
| 856 ## - ELECTRONIC LOCATION AND ACCESS |
| Uniform Resource Identifier |
https://books.google.fm/books?id=sPmPZHFUE5cC&printsec=frontcover&source=gbs_atb#v=onepage&q&f=true |
| Link text |
ელექტრონული ვერსია |
| 942 ## - ADDED ENTRY ELEMENTS (KOHA) |
| Source of classification or shelving scheme |
|
| Koha item type |
წიგნი |